| 000 | 00423nam a2200157Ia 4500 | ||
|---|---|---|---|
| 008 | 230312s9999||||xx |||||||||||||| ||und|| | ||
| 020 | _a81-8431-267-6 | ||
| 082 |
_a621.319 _bBAK-E |
||
| 100 | _aBakshi,U.A | ||
| 245 | 0 | _aElements of Power Systems | |
| 260 |
_bTechnical Publications Pune _aIndia _c2008 |
||
| 300 | _a12-36 | ||
| 546 | _aEng. | ||
| 650 |
_aEngineering _vPower System Components,Supply Systems |
||
| 942 | _cBK | ||
| 999 |
_c1570 _d1570 |
||